| 000 | 01028 a2200205 4500 | ||
|---|---|---|---|
| 001 | 19630 | ||
| 005 | 20260407155500.0 | ||
| 008 | 260407a1983 arg spa d | ||
| 003 | AR-UNSa-BCEJYS | ||
| 040 |
_aAR-UNSa-BCEJYS _bspa _cAR-UNSa-BCEJYS |
||
| 080 |
_a347.72 _xSociedades comerciales |
||
| 245 | 1 | 0 | _aSociedad de economía mixta y sociedad minera |
| 020 | _a950-069-042-X | ||
| 264 | 1 |
_aBuenos Aires : _bAbaco de Rodolfo Depalma _c1983 |
|
| 300 |
_a162 p. _c23 cm. |
||
| 505 | _aI. Sociedad de economía mixta: 1. Conceptos y elementos generales - 2. Persona pública o privada. Bancos mixtos provinciales - 3. Tipo societario. Distinción de los entes públicos no estatales - 4. Aspectos sobre responsabilidad - 5. Capital social. Asambleas y tópicos varios - 6. Transformación societaria y estatización - 7. Medidas cautelares judiciales. -- II. Sociedad minera: 1. Conceptos y elementos generales - 2. Las Leyes nuevas | ||
| 942 | _cBK | ||
| 590 | _aniveau_biblio:m niveau_hierar:0 | ||
| 100 | 1 | _aReyes, Rafael Hugo | |
| 999 |
_c744 _d744 |
||